000 00617nam a2200241Ia 4500
003 OSt
005 20220918231016.0
006 a|||||r|||| 00| 0
007 ta
008 220917b |||||||| |||| 00| 0 eng d
024 _a262,525
037 _cTextual
040 _aARTS
_cARTS
_beng
041 _2eng
_aeng
082 _aQ3:23, 15K5
100 _afot
_9153682
245 0 _ajko.k ls<h
260 _afi.MokMk]
_bHkkjrh; izkP;rRo izdk'ku lfefr
_c1965
650 _a/keZ'kkL=
700 _aizselwjh
_9153683
942 _hQ3:23, 15K5
_cTEXL
_2CC
999 _c289590
_d289590